000 00906nam0a2200313 4500
001 RU\NLR\BIBL_A\011355835
005 20240727003612.0
010 _a9785171010300
_93000
021 _aRU
_b2017-14350
_91063
035 _a(RuMoRGB)008813175
035 _a(NLR Aleph) 011355835
090 _a11271561
_c11271561
100 _a20170329d2017 m y0rusy50 ca
101 0 _arus
102 _aRU
105 _aa|||z|||000ay
200 1 _aОрккрафт
_iПоследняя битва
_e[роман]
_fТим Строгов
210 _aМосква
_cАСТ
_d2017
215 _a347, [3] с.
_cил.
_d21
225 1 _aСерия "Орккрафт"
_vвып. 1
333 _a16+
686 _aШ5(2=Р)64-644.5
_2rubbk
686 2 _aШ6(2=Р)8-445
700 1 _aСтрогов
_bТ.
_gТим
942 _cBOOK
980 _aNBR